Santa's cookie is missing! / [text by Chris ... Read More
Available copies
- 1 of 1 copy available at LARL/NWRL Consortium.
Current holds
0 current holds with 1 total copy.
Show Only Available Copies
| Location | Call Number / Copy Notes | Barcode | Shelving Location | Status | Due Date |
|---|---|---|---|---|---|
| Godel Memorial-Warren Library | e AYA (BOARD BOOK) (Text) | 35500006220287 | Main | Available | - |
Record details
- ISBN: 9780358040545
- ISBN: 035804054X
- Physical Description: 1 volume (unpaged) : color illustrations ; 21 cm
- Edition: [Board book edition]
- Publisher: Boston : Houghton Mifflin Harcourt, [2019]
Content descriptions
| General Note: | On board pages. Cover title. |
| Summary, etc.: | "Santa's cookie is missing! Can you help find it?" |
Search for related items by subject
| Subject: | Lost articles > Juvenile fiction. Cookies > Juvenile fiction. Board books > Specimens. |
| Genre: | Christmas fiction. |
| LDR | 01282nam a2200373Ii 4500 | ||
|---|---|---|---|
| 001 | 331498 | ||
| 003 | LARL_NWRL_CONSORTIUM | ||
| 005 | 20191011165212.0 | ||
| 008 | 190903s2019 maua j 000 1 eng d | ||
| 020 | . | ‡a9780358040545 | |
| 020 | . | ‡a035804054X | |
| 035 | . | ‡a(OCoLC)1117277589 | |
| 040 | . | ‡aUAP ‡beng ‡erda ‡cUAP | |
| 100 | 1 | . | ‡aAyala-Kronos, Chris, ‡eauthor. |
| 245 | 1 | 0. | ‡aSanta's cookie is missing! / ‡c[text by Chris Ayala-Kronos ; illustrations by Anne Passchier] |
| 250 | . | ‡a[Board book edition] | |
| 264 | 1. | ‡aBoston : ‡bHoughton Mifflin Harcourt, ‡c[2019] | |
| 300 | . | ‡a1 volume (unpaged) : ‡bcolor illustrations ; ‡c21 cm | |
| 336 | . | ‡atext ‡btxt ‡2rdacontent | |
| 336 | . | ‡astill image ‡bsti ‡2rdacontent | |
| 337 | . | ‡aunmediated ‡bn ‡2rdamedia | |
| 338 | . | ‡avolume ‡bnc ‡2rdacarrier | |
| 500 | . | ‡aOn board pages. | |
| 500 | . | ‡aCover title. | |
| 520 | . | ‡a"Santa's cookie is missing! Can you help find it?" | |
| 590 | . | ‡aBoard book. ‡9local | |
| 650 | 0. | ‡aLost articles ‡vJuvenile fiction. ‡0(LARL_NWRL_CONSORTIUM)173131 | |
| 650 | 0. | ‡aCookies ‡vJuvenile fiction. | |
| 650 | 0. | ‡aBoard books ‡vSpecimens. | |
| 655 | 7. | ‡aChristmas fiction. ‡2lcgft | |
| 700 | 1 | . | ‡aPasschier, Anne, ‡eillustrator. |
| 901 | . | ‡a331498 ‡b ‡c331498 ‡tbiblio | |

Add to basket
Permalink
Disable Highlighting